| 000 | 00388 a2200157 4500 | ||
|---|---|---|---|
| 003 | Nust | ||
| 005 | 20170207171855.0 | ||
| 040 | _cNust | ||
| 082 | _a005.8 | ||
| 100 | _aMihir Bellare | ||
| 245 |
_aIntroduction to Modern Cryptography (E-BOOK) _cMihir Bellare and Phillip Rogaway |
||
| 260 |
_aCalifornia _bUSA _c2001 |
||
| 300 | _a203 p | ||
| 650 | _aModern Cryptography | ||
| 651 | _aE-Book | ||
| 942 |
_2ddc _cBK |
||
| 999 |
_c219355 _d219355 |
||